| 000 | 00480cam a2200157 4500500 | ||
|---|---|---|---|
| 005 | 20260329015552.0 | ||
| 041 | _afre | ||
| 042 | _adc | ||
| 100 | 1 | 0 |
_aChazelas, Jean _eauthor |
| 700 | 1 | 0 |
_aDolfi, Daniel _eauthor |
| 245 | 0 | 0 | _aOptoelectronics-microwave |
| 260 | _c2026. | ||
| 500 | _a66 | ||
| 786 | 0 | _nOptics and photonics | - | 2026-03-05 | p. 9-9 | |
| 856 | 4 | 1 | _uhttps://stm.cairn.info/optoelectronic-components--bdti42451210-e3334-page-9?lang=en&redirect-ssocas=7080 |
| 999 |
_c1899076 _d1899076 |
||